Sacred Groves Among Communities (Record no. 247557)

MARC details
000 -LEADER
fixed length control field 00262pam a2200121 a 4500
020 ## - INTERNATIONAL STANDARD BOOK NUMBER
Terms of availability
041 ## - LANGUAGE CODE
Language code of original
100 ## - MAIN ENTRY--PERSONAL NAME
Personal name J.J. Roy Burman
245 ## - TITLE STATEMENT
Title Sacred Groves Among Communities
260 ## - PUBLICATION, DISTRIBUTION, ETC.
Name of publisher, distributor, etc. Mittal Publication
Date of publication, distribution, etc. 1ed Ed. 2003
300 ## - PHYSICAL DESCRIPTION
Extent 495
930 ## - EQUIVALENCE OR CROSS-REFERENCE-UNIFORM TITLE HEADING [LOCAL, CANADA]
Uniform title 1704
Holdings
Withdrawn status Lost status Damaged status Not for loan Collection Home library Current library Date acquired Total Checkouts Full call number Barcode Date last seen Copy number Price effective from Koha item type
          Institute of Environment Education & Research, Pune Institute of Environment Education & Research, Pune 19/09/2011   EVP-1458 03/04/2023 1 03/04/2023 Book